Sharepoint users guide (Record no. 880)
[ view plain ]
| 000 -LEADER | |
|---|---|
| fixed length control field | 00447nam a2200169Ia 4500 |
| 008 - FIXED-LENGTH DATA ELEMENTS--GENERAL INFORMATION | |
| fixed length control field | 130318s9999 xx 000 0 und d |
| 020 ## - INTERNATIONAL STANDARD BOOK NUMBER | |
| International Standard Book Number | 817366739X |
| 082 ## - DEWEY DECIMAL CLASSIFICATION NUMBER | |
| Classification number | 005.57S ACK/S |
| 100 ## - MAIN ENTRY--PERSONAL NAME | |
| Personal name | Acker, Bryan |
| 245 ## - TITLE STATEMENT | |
| Title | Sharepoint users guide |
| 260 ## - PUBLICATION, DISTRIBUTION, ETC. | |
| Name of publisher, distributor, etc. | Oreilly/Shroff Publishers and Distributors |
| Place of publication, distribution, etc. | Mumbai |
| Date of publication, distribution, etc. | 2005 |
| 300 ## - PHYSICAL DESCRIPTION | |
| Extent | 138 |
| 650 ## - SUBJECT ADDED ENTRY--TOPICAL TERM | |
| Topical term or geographic name entry element | COLLABORATION TOOLS |
| 650 ## - SUBJECT ADDED ENTRY--TOPICAL TERM | |
| Topical term or geographic name entry element | SHAREPOINT |
| 700 ## - ADDED ENTRY--PERSONAL NAME | |
| Personal name | Davey, Tyler |
| 700 ## - ADDED ENTRY--PERSONAL NAME | |
| Personal name | McGovern, Robert |
| Withdrawn status | Lost status | Damaged status | Not for loan | Home library | Current library | Shelving location | Date acquired | Cost, normal purchase price | Total Checkouts | Full call number | Barcode | Date last seen | Price effective from | Koha item type |
|---|---|---|---|---|---|---|---|---|---|---|---|---|---|---|
| Kerala University of Digital Sciences, Innovation and Technology Knowledge Centre | Kerala University of Digital Sciences, Innovation and Technology Knowledge Centre | Computer Science | 18/03/2013 | 127.00 | 005.57S ACK/S | 887 | 18/03/2013 | 18/03/2013 | Books |